Intermediate accounting

Αποθηκεύτηκε σε:
Λεπτομέρειες βιβλιογραφικής εγγραφής
Κύριος συγγραφέας: Welsch, Glenn A.
Άλλοι συγγραφείς: Newman, D. Paul, Zlatkovich, Charles T.
Μορφή: Βιβλίο
Γλώσσα:English
Δημοσίευση: Homewood, Ill. : Irwin, 1986
Έκδοση:7th ed.
Σειρά:The Robert N. Anthony, Willard J. Graham series in accounting
Θέματα:
Ετικέτες: Προσθήκη ετικέτας
Δεν υπάρχουν, Καταχωρήστε ετικέτα πρώτοι!

MARC

LEADER 00000nam a2200000 i 4500
001 1/60825
008 960312s1986 eng d
020 |a 0256033285 
035 |l 10028784 
040 |a GR-MY-UA  |b gre  |e aacr 
041 0 |a eng 
082 0 |a 657.044  |2 (19) 
100 1 |a Welsch, Glenn A. 
245 1 0 |a Intermediate accounting /  |c Glenn A. Welsch, D. Paul Newman, Charles T. Zlatkovich 
250 |a 7th ed. 
260 |a Homewood, Ill. :   |b Irwin,   |c 1986 
300 |a xxxi, 1551 σ.;  |b εγχρ. εικ.;  |c 25 εκ. 
490 1 |a The Robert N. Anthony, Willard J. Graham series in accounting 
504 |a Περιλαμβάνει βιλιογραφία και ευρετήριο 
650 0 0 |a Accounting. 
700 1 |a Newman, D. Paul. 
700 1 |a Zlatkovich, Charles T. 
852 |a INST  |b CHIOS  |e 19960312  |h 657.044 WEL  |p 005200004793  |q 005200004793  |t BK  |y 0 
909 |a Χ  |b 005674